Literatura y periodismo en el siglo XXI / (Record no. 179143)

MARC details
000 -LEADER
campo de control de longitud fija 01160nam a2200301 i 4500
001 - NÚMERO DE CONTROL
campo de control 179143
003 - IDENTIFICADOR DE NÚMERO DE CONTROL
campo de control ES-MaACL
005 - FECHA Y HORA DE LA ÚLTIMA TRANSACCIÓN
campo de control 20250825081122.0
008 - DATOS DE LONGITUD FIJA--INFORMACIÓN GENERAL
campo de control de longitud fija 110919s2011 sp |||| | spa d
020 ## - NÚMERO INTERNACIONAL ESTÁNDAR DEL LIBRO
Número Internacional Estándar del Libro 978-84-7074-424-2
080 ## - NÚMERO DE LA CLASIFICACIÓN DECIMAL UNIVERSAL
Número de la Clasificación Decimal Universal 070:821.134.2"19/20"
080 ## - NÚMERO DE LA CLASIFICACIÓN DECIMAL UNIVERSAL
Número de la Clasificación Decimal Universal 821.134.2.09"18/20"
100 1# - ENTRADA PRINCIPAL--NOMBRE DE PERSONA
Nombre de persona Rebollo Sánchez, Félix
9 (RLIN) 95713
245 10 - MENCIÓN DEL TÍTULO
Título Literatura y periodismo en el siglo XXI /
Mención de responsabilidad, etc. Félix Rebollo Sánchez.
260 ## - PUBLICACIÓN, DISTRIBUCIÓN, ETC.
Lugar de publicación, distribución, etc. Madrid :
Nombre del editor, distribuidor, etc. Fragua,
Fecha de publicación, distribución, etc. 2011.
300 ## - DESCRIPCIÓN FÍSICA
Extensión 260 p. ;
Dimensiones 22 cm.
490 1# - MENCIÓN DE SERIE
Mención de serie Druida ;
Designación de volumen o secuencia 10
650 #4 - PUNTO DE ACCESO ADICIONAL DE MATERIA--TÉRMINO DE MATERIA
Término de materia o nombre geográfico como elemento de entrada Periodismo y literatura-
Subdivisión geográfica España
9 (RLIN) 15960
650 07 - PUNTO DE ACCESO ADICIONAL DE MATERIA--TÉRMINO DE MATERIA
Término de materia o nombre geográfico como elemento de entrada Literatura-
Subdivisión de forma Publicaciones periódicas-
Subdivisión geográfica España.
9 (RLIN) 14490
650 #4 - PUNTO DE ACCESO ADICIONAL DE MATERIA--TÉRMINO DE MATERIA
Término de materia o nombre geográfico como elemento de entrada Literatura-
Subdivisión de forma Publicaciones periódicas-
Subdivisión geográfica España-
Subdivisión cronológica S.XX.
9 (RLIN) 14491
830 0# - PUNTO DE ACCESO ADICIONAL DE SERIE-TÍTULO UNIFORME
Título uniforme Druida ;
Designación de volumen o secuencia 10
9 (RLIN) 189213
852 ## - LOCALIZACIÓN
Ubicación ES-MaACL
itemnumber 186016
Sublocalización o colección R.147146
Número de control de estantería A-11525/Ej.1
Signatura antigua Olim: N-4529
Ubicación en estantería Depósito 1
852 ## - LOCALIZACIÓN
Ubicación ES-MaACL
Número de control de estantería A-12757
itemnumber 186015
Sublocalización o colección R.148600
Ubicación en estantería Depósito 1
Signatura antigua Olim: N-5757
Encuadernación Donación: Félix Rebollo Sánchez
Nota libre Dedicatoria autógrafa del autor
903 ## - NOMBRE PERSONAL DE DONANTE
a Rebollo Sánchez, Félix
e Donante
9 95713
942 ## - ELEMENTOS DE ENTRADA SECUNDARIOS (KOHA)
Fuente del sistema de clasificación o colocación Clasificación decimal universal
Tipo de ítem Koha Libro impreso
Holdings
Estatus retirado Estado de pérdida Fuente del sistema de clasificación o colocación Estado de daño No para préstamo Biblioteca de origen Biblioteca actual Ubicación en estantería Fecha de adquisición Número de control de estantería Total de préstamos Signatura topográfica completa Código de barras Visto por última vez Precio de reemplazo Tipo de ítem Koha Nota pública Restricciones de uso Fuente de adquisición
    Clasificación decimal universal     Biblioteca del Ateneo de Madrid Biblioteca del Ateneo de Madrid Depósito 1 21/06/2013 1   A-12757 1191446 23/02/2023 23/02/2023 Libro impreso Dedicatoria autógrafa del autor    
    Clasificación decimal universal     Biblioteca del Ateneo de Madrid Biblioteca del Ateneo de Madrid Depósito 1 19/09/2011 1   A-11525/Ej.1 1188183 23/02/2023 23/02/2023 Libro impreso   Duplicado Compra